| 000 | 00717nam a2200205 i 4500 | ||
|---|---|---|---|
| 001 | 62924 | ||
| 003 | ES-MaACL | ||
| 005 | 20250828063244.0 | ||
| 007 | t| | ||
| 008 | 031126s1967 sp ||||1| spa d | ||
| 100 | 1 |
_aFernández-Cruz, A., _d1910-1981 _949607 |
|
| 245 | 1 | 0 |
_aHombre, sociedad y naturaleza _b: ambiente, civilización y patología / _cArturo Fernández-Cruz. |
| 260 |
_aMadrid : _bGredos, _c[1967] |
||
| 300 |
_a338 p. ; _c19 cm. |
||
| 490 | 1 |
_aBiblioteca Universitaria "Gredos" ; _vII. Ensayos, v. 7 |
|
| 650 | 0 | 7 |
_aMedicina _2embne _914891 |
| 830 | 0 |
_aBiblioteca Universitaria "Gredos" ; _vII. Ensayos, v. 7 _9186425 |
|
| 852 |
_aES-MaACL _jC-33225 _bR.63570 |
||
| 999 |
_c62924 _d62924 |
||